000 00295nam a22001337a 4500
008 170714b xxu||||| |||| 00| 0 eng d
020 _a9780683307344
041 _aeng
080 _26TH
_a101
100 _a24
101 _aFJA
245 _aRESPIRATORY PHYSIOLOGY
_cWEST,J.B
942 _2udc
_cBK
999 _c20727
_d20727